| 000 | 00860 a2200181 4500 | ||
|---|---|---|---|
| 003 | Nust | ||
| 005 | 20221031085115.0 | ||
| 040 | _cNust | ||
| 082 | _a621.3132,BLA | ||
| 100 |
_aBlalock, Grover C. _9101724 |
||
| 245 |
_aDirect-current machinery / _cGrover C, Blalock |
||
| 250 | _a1st ed | ||
| 260 |
_aMcGraw-Hill Book _bNew York _c1947 |
||
| 300 |
_axi, 367 p _billus _c21 cm |
||
| 505 | _aElectromagnetic induction (Page-1), Armature windings (Page-38), Commutation armature reaction (Page-63), Operation of generator (Page-87), Generator characteristics(Page-108), Direct-current motors (Page-134), Motor control(Page-168), Losses efficiencies (Page-214), Rating weight and costs (Page-240), Special types and applications (Page-255), Testing and maintenance (Page-283), Batteries (Page-317). | ||
| 650 |
_aDC machinery _9101725 |
||
| 942 |
_2ddc _cBK |
||
| 999 |
_c180547 _d180547 |
||